Visualizzazione normale
Vista MARC
- Jarre Jean-Michel
di Personal Name
Records bibliografici associati: 1
001 - CONTROL NUMBER
- control field: 23179
003 - CONTROL NUMBER IDENTIFIER
- control field: IT-RoPau
005 - DATE AND TIME OF LATEST TRANSACTION
- control field: 20140430160200.0
008 - FIXED-LENGTH DATA ELEMENTS
- fixed length control field: 140430|| aca||aabn | a|a d
040 ## - CATALOGING SOURCE
- Original cataloging agency: IT-RoPau
- Transcribing agency: IT-RoPau
100 ## - HEADING--PERSONAL NAME
- Personal name: Jarre Jean-Michel
- Miscellaneous information: Codice interprete SPICS: 10957
- Relator term: Interprete
670 ## - SOURCE DATA FOUND
- Source citation: Work cat.: (IT-RoPau)100604: Jarre Jean-Michel 23176, Jean-Michel Jarre in Concert Lyon/Huston (Lp 833 170-1)